000 00385nam a2200133Ia 4500
008 220217s9999||||xx |||||||||||||| ||und||
020 _a81-265-0249-5
082 _a005.133 BUT
100 _aButler, Jason Cudill, Tont
_92642
245 0 _aASP.NET database programming in 21/2 days
260 _aHungey minds
_bNew Delhi
_c2002
300 _b338
650 _aPROGRAMMING LANGUAGE
999 _c169521
_d169521